shifting agriculture pratices in thalaborivath district, stung treng province (ការអនុវត្តន៏កសិកម្មពនេចរ នៅស្រុកថាឡាបរិវ៉ាត់ ខេត្តស្ទឹងត្រែង) (Record no. 4339)
[ view plain ]
| 000 -LEADER | |
|---|---|
| fixed length control field | 00625nam a22001577a 4500 |
| 003 - CONTROL NUMBER IDENTIFIER | |
| control field | OSt |
| 005 - DATE AND TIME OF LATEST TRANSACTION | |
| control field | 20151210115806.0 |
| 008 - FIXED-LENGTH DATA ELEMENTS--GENERAL INFORMATION | |
| fixed length control field | 151210b xxu||||| |||| 00| 0 eng d |
| 040 ## - CATALOGING SOURCE | |
| Transcribing agency | RUA |
| 082 ## - DEWEY DECIMAL CLASSIFICATION NUMBER | |
| Classification number | ATM NIN 2004 B204 Or.1 |
| 100 ## - MAIN ENTRY--PERSONAL NAME | |
| 9 (RLIN) | 4656 |
| Personal name | NIN, CHANSAMEAN. |
| 245 ## - TITLE STATEMENT | |
| Title | shifting agriculture pratices in thalaborivath district, stung treng province (ការអនុវត្តន៏កសិកម្មពនេចរ នៅស្រុកថាឡាបរិវ៉ាត់ ខេត្តស្ទឹងត្រែង) |
| 260 ## - PUBLICATION, DISTRIBUTION, ETC. (IMPRINT) | |
| Place of publication, distribution, etc. | Phnom Penh |
| Name of publisher, distributor, etc. | RUA |
| Date of publication, distribution, etc. | 2004 |
| 300 ## - PHYSICAL DESCRIPTION | |
| Extent | viii, 51p. |
| Other physical details | ill. |
| Dimensions | 29cm. |
| 942 ## - ADDED ENTRY ELEMENTS (KOHA) | |
| Source of classification or shelving scheme | |
| Koha item type | ATM |
| Price effective from | Date last seen | Permanent Location | Not for loan | Date acquired | Source of classification or shelving scheme | Koha item type | Lost status | Withdrawn status | Date last checked out | Total Checkouts | Shelving location | Damaged status | Barcode | Current Location | Full call number |
|---|---|---|---|---|---|---|---|---|---|---|---|---|---|---|---|
| 2015-12-10 | 2015-12-10 | Library Block B | 2015-12-10 | ATM | B204 | RUA017155 | Library Block B | ATM NIN 2004 B204 Or.1 | |||||||
| 2015-12-10 | 2015-12-10 | Library Block B | 2015-12-10 | ATM | B204 | RUA016638 | Library Block B | ATM NIN 2004 B204 Or.2 | |||||||
| 2015-12-10 | 2015-12-10 | Library Block B | 2015-12-10 | ATM | B204 | RUA016636 | Library Block B | ATM NIN 2004 B204 Or.3 | |||||||
| 2015-12-10 | 2015-12-10 | Library Block B | 2015-12-10 | ATM | B204 | RUA016860 | Library Block B | ATM NIN 2004 B204 Or.4 | |||||||
| 2015-12-10 | 2015-12-10 | Library Block B | 2015-12-10 | ATM | B204 | RUA016932 | Library Block B | ATM NIN 2004 B204 Or.5 | |||||||
| 2015-12-10 | 2015-12-10 | Library Block B | 2015-12-10 | ATM | B204 | RUA016859 | Library Block B | ATM NIN 2004 B204 Or.6 | |||||||
| 2015-12-10 | 2015-12-10 | Library Block B | 2015-12-10 | ATM | B204 | RUA017656 | Library Block B | ATM NIN 2004 B204 Or.7 | |||||||
| 2015-12-10 | 2015-12-10 | Library Block B | 2015-12-10 | ATM | B204 | RUA033999 | Library Block B | ATM NIN 2004 B204 Or.8 | |||||||
| 2015-12-10 | 2015-12-10 | Library Block B | 2015-12-10 | ATM | B204 | RUA034661 | Library Block B | ATM NIN 2004 B204 Or.9 | |||||||
| 2015-12-10 | 2016-12-13 | Library Block B | 2015-12-10 | ATM | 2016-12-09 | 1 | B204 | RUA033872 | Library Block B | ATM NIN 2004 B204 Or.10 |